|
|
|
|
| LEADER |
00000nam0a2200000 4500 |
| 001 |
88319 |
| 005 |
20231031102607.0 |
| 035 |
|
|
|a (RuTPU)RU\TPU\book\94799
|
| 090 |
|
|
|a 88319
|
| 100 |
|
|
|a 20051222d1980 m y0rusy50 ca
|
| 101 |
0 |
|
|a rus
|
| 102 |
|
|
|a RU
|
| 105 |
|
|
|a a j 001zy
|
| 200 |
1 |
|
|a Бурение нефтяных и газовых скважин
|e учебник для техникумов
|f Ю. А. Пешалов
|
| 210 |
|
|
|a Москва
|c Недра
|d 1980
|
| 215 |
|
|
|a 334 с.
|c ил.
|
| 320 |
|
|
|a Библиогр.: с. 332.
|
| 610 |
1 |
|
|a учебники
|
| 610 |
1 |
|
|a бурение
|
| 610 |
1 |
|
|a скважины
|
| 610 |
1 |
|
|a нефтяные скважины
|
| 610 |
1 |
|
|a газовые скважины
|
| 610 |
1 |
|
|a горные породы
|
| 610 |
1 |
|
|a буровые установки
|
| 610 |
1 |
|
|a промывка
|
| 675 |
|
|
|a 622.24(075.32
|v 3
|
| 700 |
|
1 |
|a Пешалов
|b Ю. А.
|g Юрий Александрович
|
| 801 |
|
1 |
|a RU
|b 63413507
|c 20051222
|g PSBO
|
| 801 |
|
2 |
|a RU
|b 63413507
|c 20230209
|g PSBO
|
| 942 |
|
|
|c BK
|